000 00306nam a22001337a 4500
008 170327b xxu||||| |||| 00| 0 eng d
020 _a0702011878
041 _aeng
080 _219TH
_a616.9
100 _a8
101 _aSHM
245 _aMANSON'S TROPICAL DISEASES
_cMANSON-BAHR, P.E.C
942 _2udc
_cBK
999 _c8663
_d8663